Chuyến tàu định mệnh
Câu chuyện về Marcel và Anna trên chuyến tàu hỏa huyền ảo, vào thời điểm chiến sự bắt đầu bùng nổ tại châu Âu, mùa hè năm 1940. Là một chuyện tình trong chiến tranh chân thực hiếm có.;
Uloženo v:
| Hlavní autor: | |
|---|---|
| Další autoři: | |
| Médium: | Kniha |
| Jazyk: | Undetermined |
| Vydáno: |
H.
Hội nhà văn
2017
|
| Témata: | |
| On-line přístup: | http://lrc.tdmu.edu.vn/opac/search/detail.asp?aID=2&ID=32182 |
| Tagy: |
Přidat tag
Žádné tagy, Buďte první, kdo otaguje tento záznam!
|
| Thư viện lưu trữ: | Trung tâm Học liệu Trường Đại học Thủ Dầu Một |
|---|
| LEADER | 01065nam a2200217Ia 4500 | ||
|---|---|---|---|
| 001 | TDMU_32182 | ||
| 008 | 210410s9999 xx 000 0 und d | ||
| 082 | |a 395.208951059779 | ||
| 090 | |b S310 | ||
| 100 | |a Simenon, Georges | ||
| 245 | 0 | |a Chuyến tàu định mệnh | |
| 245 | 0 | |c Georges Simenon ; Nguyễn Hữu Hiệu dịch | |
| 260 | |a H. | ||
| 260 | |b Hội nhà văn | ||
| 260 | |c 2017 | ||
| 300 | |a 198tr. | ||
| 520 | |a Câu chuyện về Marcel và Anna trên chuyến tàu hỏa huyền ảo, vào thời điểm chiến sự bắt đầu bùng nổ tại châu Âu, mùa hè năm 1940. Là một chuyện tình trong chiến tranh chân thực hiếm có.; |p Dịch từ nguyên bản tiếng Pháp: Le train | ||
| 650 | |a Văn học Pháp |v Tiểu thuyết; Tiểu thuyết Pháp | ||
| 700 | |a Nguyễn, Hữu Hiệu | ||
| 856 | |u http://lrc.tdmu.edu.vn/opac/search/detail.asp?aID=2&ID=32182 | ||
| 980 | |a Trung tâm Học liệu Trường Đại học Thủ Dầu Một | ||